| 000 | 00685nam a2200169 a 4500 | ||
|---|---|---|---|
| 005 | 20210219150100.0 | ||
| 008 | 991125s1974 mx 000 0 spa u | ||
| 035 | _aUPN01000006952 | ||
| 049 | _aCG | ||
| 050 | 4 |
_aRA400.3 _bM4.4 |
|
| 110 | 1 |
_aMéxico. _bDirección General de Servicios Coordinados de Salud Pública en Estados y Territorios |
|
| 245 | 1 | 0 |
_aCasas de salud lineamientos generales / _cDirección General de Servicios Coordinados de Salud Pública en Estados y Territorios. |
| 260 |
_aMéxico : _bDirección General de Servicios Coordinados de Salud Pública en Estados y Territorios, _c1974. |
||
| 300 | _a54 p. | ||
| 650 | 4 |
_aSALUD - _xESTUDIO Y ENSEÑANZA |
|
| 905 | _aLibro | ||
| 999 |
_c6952 _d6952 |
||